000 00927cam a2200253 4500
001 ABS61888
008 000000n2000 000 0 eng u
035 _a(Sirsi) u104296
100 _aCassidy, T.
245 _aServices whole-life costs: air conditioning
260 _c2000
490 _aBuilding
_v265(8122) 4 February 2000 50-53(4)
520 _aAssesses the whole-life cost performance of four of the common air conditioning systems and includes detailed costing information.
590 _aABS
650 _aBUILT ENVIRONMENT-BUILDING ELEMENTS-COMPLETE BUILDING SERVICES ELEMENTS-COMPLETE HEATING, VENTILATION AND AIR CONDITIONING SYSTEMS
650 _aCAPITAL INVESTMENT
650 _aBUILT ENVIRONMENT-BUILDING MAINTENANCE AND REFURBISHMENT
650 _aCOSTS
650 _aCOST ANALYSIS
650 _aLIFE EXPECTANCY
650 _aWHOLE-LIFE COSTS
690 _aBlock management
_96220
942 _n0
999 _c62575
_d62575